The Forbes book of business quotations : 14,173 thoughts on the business of life.

Kaydedildi:
Detaylı Bibliyografya
Materyal Türü: Kitap
Baskı/Yayın Bilgisi: Könemann 1997
Etiketler: Etiketle
Etiket eklenmemiş, İlk siz ekleyin!
Thư viện lưu trữ: Mạng thư viện Đại học Đà Nẵng
LEADER 00516nam a2200205 a 4500
001 000030408
003 4887
005 20171030145630.0
008 171030s1997
040 |a LTT 
082 0 |a 650  |b Fo-B 
245 0 0 |a The Forbes book of business quotations : 14,173 thoughts on the business of life. 
260 |b Könemann  |c 1997 
OWN |a LTT 
999 |a From the UDN01 
TYP |a Monograph 
TYP |a Printed language 
980 |a Mạng thư viện Đại học Đà Nẵng